000 01133cam a22003137a 4500
003 CHAP
005 20220329134752.0
008 971013s1975 r 00010 d
010 _a25609
011 _a26581
035 _a30682
040 _cCHAP
082 _a630.9723
_bC6 1975
110 _aConfederación de Asociaciones Agrícolas del Estado de Sinaloa. Culiacán, Sin.
_926388
245 0 _aResultados del programa técnico desarrollado en las áreas de temporal del estado de Sinaloa
_b: verano de 1974
260 _aCuliacán, Sin. :
_b(La Confederación),
_c1975
300 _a64 h.
_b: apénd.
590 _aBATCH-UPD
_b10
_c20130110
_lUCH01
_h1032
590 _aBATCH-UPD
_b10
_c20130410
_lUCH01
_h0635
590 _aBATCH-UPD
_b10
_c20130913
_lUCH01
_h2143
590 _aCONVERSION
_b10
_c20130109
_lUCH01
_h1315
650 1 4 _aAgricultura de temporal.
_91999
650 1 4 _aAgricultura
_xSinaloa.
_91794
650 1 4 _aCultivos
_xCostos de producción.
_930247
650 1 4 _aCultivos
_xRendimiento.
_930318
901 _aBK
942 _cLIBRO
949 _a630.9723 C6 1975
_bBC
_cLIBRO
_d33724000049441
_eLIBRO
_h60211
_i30682
_si
999 _c25609
_d25609